La celebración = Festen /

Gorde:
Xehetasun bibliografikoak
Egile nagusia: Vinterberg, Thomas (realización)
Beste egile batzuk: Vinterberg, Thomas (guión) (guión), Rukov, Mogens (guión) (guión), Mantle, Anthony Dod (fotógrafo) (fotógrafo), Oskarsdóttir, Valdís (montaje) (montaje), Jensen, Lars Bo (música) (música), Thomsen, Ulrich (actuación) (actuación), Moritzen, Henning (actuación) (actuación), Larsen, Thomas Bo (actuación) (actuación)
Formatua: Diapositiba
Hizkuntza:daniera
Argitaratua: Copenhague, Dinamarca : Nimbus Film Productions, 1998, c1998
Gaiak:
Etiketak: Etiketa erantsi
Etiketarik gabe, Izan zaitez lehena erregistro honi etiketa jartzen!

MARC

LEADER 00000ngm^a2200000^a^4500
001 000275242
005 20250521000000.0
009 20260310111226.99
037 |a Acervo ITESO - Biblioteca 
041 |a DAN 
082 |a 839. 81  |b VIN 
100 |a Vinterberg, Thomas  |e (realización) 
240 1 4 |a [La celebración, de Thomas Vinterberg] 
245 1 3 |a La celebración =  |b Festen /  |c Realización de T. Vinterberg. 
264 4 |a Copenhague, Dinamarca :  |b Nimbus Film Productions,  |c 1998, c1998 
264 2 |a México :  |b Quality Films [distribución],  |c copyright fecha no identificada 
300 |a 1 DVD regiones 1 y 4 (101 min.) :  |b color 
336 |a imagen móvil bidimensional  |b tdi  |2 rdacontenido 
337 |a video  |b v  |2 rdamedio 
338 |a videodisco  |b vd  |2 rdasoporte 
546 |a En danés, con subtítulos en español 
562 |a Falta material anexo [lámina] 
586 |a Premio de la Academia Europea de Cine (11°: 1998): Mejor Película (finalista) 
586 |a Premio de la Academia Europea de Cine (11°: 1998): Descubrimiento Europeo del Año – Premio Fassbinder (ganadora, ex aequo) 
586 |a Premio Bodil, de la Asociación Danesa de Críticos de Cine (52°: 1999): Mejor Película Danesa (ganadora) 
586 |a Premio Robert, de la Academia Danesa de Cine (16°: 1999): Mejor Película Danesa (ganadora) 
586 |a Gran Premio del Cine Brasileño, de la Academia Brasileña de Cine (1°: 2000): Mejor Película Extranjera (finalista) 
586 |a Premio Amanda, del Festival Internacional de Cine de Noruega (14°: 1998): Mejor Película Nórdica (ganadora) 
586 |a Premio Amanda, del Festival Internacional de Cine de Noruega (15°: 1999): Mejor Película Extranjera (finalista) 
586 |a Premio BAFTA, de la Academia Británica de Cine y Televisión (53°: 1999): Mejor Película en Lengua No Inglesa (finalista) 
586 |a Premio César, de la Academia Francesa de Cine (24°: 1999): Mejor Película Extranjera (finalista) 
586 |a Premio Cóndor de Plata, de la Asociación de Cronistas Cinematográficos de Argentina (48°: 2000): Mejor Película Extranjera (finalista) 
586 |a Premio Globo de Oro, de la Asociación de la Prensa Extranjera de Hollywood (56°: 1998): Mejor Película en Lengua No Inglesa (finalista) 
586 |a Premio Guldbaggen, del Instituto Sueco de Cine (34°: 1999): Mejor Película Extranjera (ganadora) 
586 |a Premio Spirit, del Cine Independiente Norteamericano (14°: 1999): Mejor Película Extranjera (ganadora) 
649 |a XX 
650 |a Familia Disfuncional en el Cine 
650 |a Dramas Cinematográficos 
650 |a Dogma 95 (Movimiento Fílmico) 
650 |a Cine Danés -  |y 1990-1999 
650 |a Cine Danés -  |y Siglo XX 
650 |a Incesto -  |x Tema Principal 
650 |a Abuso Sexual Infantil -  |x Tema Principal 
650 |a Suicidio 
650 |a Secretos Personales 
650 |a Relaciones Familiares 
650 |a Fiestas de Vida Cotidiana 
700 |a Vinterberg, Thomas  |e (guión) 
700 |a Rukov, Mogens  |e (guión) 
700 |a Mantle, Anthony Dod  |e (fotógrafo) 
700 |a Oskarsdóttir, Valdís  |e (montaje) 
700 |a Jensen, Lars Bo  |e (música) 
700 |a Thomsen, Ulrich  |e (actuación) 
700 |a Moritzen, Henning  |e (actuación) 
700 |a Larsen, Thomas Bo  |e (actuación) 
910 |a Fondo General 
920 |a Audiovisuales - DVDs 
940 |a Películas 
905 |a 302 
901 |a 0500159342  |b IT2  |c DVS  |i C109754  |u 20250521 
902 |a https://opac.biblio.iteso.mx/vufind/Record/000275242